书目信息 |
| 题名: |
史料与史学
|
|
| 作者: | 剪伯赞 著 | |
| 分册: | ||
| 出版信息: | 北京 北京大学出版社 1985 |
|
| 页数: | 156页 | |
| 开本: | 20cm | |
| 丛书名: | ||
| 单 册: | ||
| 中图分类: | K06 | |
| 科图分类: | ||
| 主题词: | 历史--研究 | |
| 电子资源: | ||
| ISBN: | ||
| 000 | 00498nam0 2200193 45 | |
| 001 | 0312221749 | |
| 005 | 20060517093022.04 | |
| 010 | @dCNY1.20 | |
| 091 | @a11209.37 | |
| 100 | @a20031222d1985 km y0chiy0120 ea | |
| 101 | @achi | |
| 200 | 1 | @a史料与史学@AShi Liao Yu Shi Xue@f剪伯赞著@FJian Bo Zan Zhu |
| 210 | @a北京@c北京大学出版社@d1985 | |
| 215 | @a156页@c肖像@d20cm | |
| 606 | 0 | @a历史@x研究 |
| 690 | @aK06@v3 | |
| 701 | 0 | @a剪伯赞@4著 |
| 801 | @aCN@bTSTCL@c20060517 | |
| 905 | @a213230@dK06@e15 | |
| 史料与史学/剪伯赞著.-北京:北京大学出版社,1985 |
| 156页:肖像;20cm |
| ISBN :CNY1.20 |
| ● |
| 相关链接 |
|
|
|
|
正题名:史料与史学
索取号:K06/15
 
预约/预借
| 序号 | 登录号 | 条形码 | 馆藏地/架位号 | 状态 | 备注 |
| 1 | 0155933 | 001418512 | 密集书库/ [索取号:K06/15] | 在馆 | |
| 2 | 0155934 | 001418488 | 第二样本阅览室/ [索取号:K06/15] | 在馆 | |
| 3 | 0155935 | 202352667 | 密集书库/ [索取号:K06/15] | 在馆 | |
| 4 | 0155936 | 202352676 | 密集书库/ [索取号:K06/15] | 在馆 | |
| 5 | 0155937 | 202244632 | 密集书库/ [索取号:K06/15] | 在馆 |